000 00684nam a2200217Ia 4500
003 OSt
005 20220923221828.0
006 a|||||r|||| 00| 0
007 ta
008 220922b |||||||| |||| 00| 0 hin d
024 _a200,303
037 _cTextual
040 _aARTS
_cARTS
_bhin
041 _2hin
_ahin
082 _aQ4:33, 152K1
100 _aआंबेडकर, भीमराव रामजी
245 0 _aभगवान बुद्व और उनका धर्म
246 _aBhagavān budva aur unakā dharma
942 _hQ4:33, 152K1
_cTEXL
_2CC
999 _c351975
_d351975